000 00573nam a2200217 a 4500
005 20240910063951.0
008 991125s1990 mx 000 0 spa u
020 _a9686212000
035 _aUPN01000023744
049 _aF
050 4 _aHV5801
_bC4.4
100 1 _aCervantes G., David
245 1 0 _aExperiencias de drogadictos anónimos /
_cDavid Cervantes G.
260 _aMéxico :
_bDAAC,
_c[199-].
300 _a44 p.
650 4 _aAbuso de drogas
_9242
650 4 _aAdolescencia
_91008
650 0 _aAdolescentes
_91014
905 _aLibro
999 _c23744
_d23744